Problematika hybridnej vojny v koncepcii súčasnej zahraničnej politiky Slovenskej republiky bakalárska práca

Guardado en:
Detalles Bibliográficos
Autor principal: Pelypenko, Mariia
Autor Corporativo: Fakulta medzinárodných vzťahov EU. Katedra medzinárodných politických vzťahov
Otros Autores: Škvrnda, František, ml., 1987-
Formato: Libro
Lenguaje:eslovaco
Publicado: Bratislava 2025
Etiquetas: Agregar Etiqueta
Sin Etiquetas, Sea el primero en etiquetar este registro!

MARC

LEADER 00000nbm a2200000 4500
001 0309613
005 20260326141305.0
041 0 |a slo 
044 |a SK 
245 1 0 |a Problematika hybridnej vojny v koncepcii súčasnej zahraničnej politiky Slovenskej republiky  |b bakalárska práca  |c Mariia Pelypenko ; školiteľ: František Škvrnda 
264 1 |a Bratislava  |c 2025 
300 |a 50 s. 
100 1 |a Pelypenko, Mariia 
700 1 |a Škvrnda, František, ml., 1987- 
710 2 |a Fakulta medzinárodných vzťahov EU. Katedra medzinárodných politických vzťahov